| 000 | 01978nam0a2200481 4500 | ||
|---|---|---|---|
| 001 | RU\NLR\bibl\1689296 | ||
| 005 | 20250616053901.0 | ||
| 010 |
_a978-5-8948-1853-5 _91500 |
||
| 021 |
_aRU _b2010-72101 _94774 |
||
| 035 | _a(nilc)LIBNET\0000072732 | ||
| 035 | _a1VIL\RUSMED\0000177630 | ||
| 035 | _aRSL-KNO-004733364 | ||
| 035 | _a(NLR Aleph) 001680441 | ||
| 090 |
_a1097866 _c1097866 |
||
| 100 | _a20101001d2010 |||y0rusy50 ca | ||
| 101 | 0 | _arus | |
| 102 | _aRU | ||
| 105 | _aa ||||||||| | ||
| 200 | 1 |
_aУльтразвуковая диагностика урологических заболеваний _fН. С. Игнашин |
|
| 210 |
_aМосква _cМед. информ. агентство _d2010 |
||
| 215 |
_a138 с. _cцв. ил. _d24 |
||
| 320 | _aБиблиогр.: с. 132-138 (115 назв.) | ||
| 606 | 1 |
_aУРОЛОГИЧЕСКИЕ БОЛЕЗНИ _xультрасонография _jруководства _2rus_mesh _3R14787-28.1 |
|
| 606 | 1 |
_aUROLOGIC DISEASES _xultrasonography _2rus_mesh _3E14787-28.1 |
|
| 606 | 1 |
_aУльтразвуковая диагностика _jРуководства, пособия и т.п. _xПрименение в урологии _92606297 _3RU\NLR\auth\661542855 |
|
| 686 |
_a76.29.43 _2rugasnti |
||
| 686 |
_a47.55.31 _2rugasnti |
||
| 686 |
_a76.01.33 _2rugasnti |
||
| 686 |
_aC12.777 - ультрасонография _v2010 _2MESH |
||
| 686 |
_aC13.351.968 - ультрасонография _v2010 _2MESH |
||
| 686 |
_aC12.777 - ultrasonography _v2010 _2MESH |
||
| 686 |
_aC13.351.968 - ultrasonography _v2010 _2MESH |
||
| 686 |
_aР696-433.9,07 _2rubbk |
||
| 686 | _aР69-433.9я77 | ||
| 700 | 1 |
_aИгнашин _bН. С. _gНиколай Семенович _4070 |
|
| 801 | 0 |
_aRU _bЦНМБ _c20101001 _gPSBO |
|
| 801 | 1 |
_aRU _bЦНМБ _c20101001 |
|
| 801 | 2 |
_aRU _bЦНМБ _c20101013 |
|
| 801 | 2 |
_aRU _bРГБ _c20100920 |
|
| 801 | 2 |
_aRU _bNLR _c20101021 _grcr |
|
| 942 | _cBOOK | ||
| 980 | _aNB | ||